000 00322nam a2200121Ia 4500
008 151213s9999 xx 000 0 und d
245 _aCenters for International Business Education & Research
260 _bUniversity of Hawai Ciber
_c1995
300 _a3000 p.
650 _aBusiness
650 _aEducation
999 _c2087
_d2087